000
00335nam a2200169Ia 4500
100
_a
Ludwig/Emil
650
_a
Napoleon
942
_c
BK
366
_f
25
654
_a
napoleon
245
_a
Napoleon
260
_b
Jaico Publishing House
_c
2016
082
_b
LUD
300
_a
636
546
_a
ENGLISH
_c
Computers
999
_c
33752
_d
33752